=LDR 00000nam 2200000 4500 =001 INLIS000000000026223 =005 20130612124658 =008 ***********************************ind** =035 ##$$0010-061300000026223 =041 ##$$a ind =082 ##$$a F.Rom.D =090 ##$$a F.Rom.D, ATM m =100 ##$$a Atmowiloto, Arswendo =245 ##$$a Menghitung hari, hikmah kebijaksanaan dalam rumah tahanan, Arswendo Atmowiloto =260 ##$$a 1996 $b Jakarta =300 ##$$a xiv, 186 hlm., 19 cm =650 ##$$a Kisah perjalanan Hidup =850 ##$$a NBPNMAT